000 01326nam a2200253Ia 4500
001 16390
003 GE_BSU
008 181216s||||||||xx |||||||||||||| ||und||
020 _aISBN 99940-55-24-0
040 _cGE_BSU
080 _a087.5:913(100)(084.4)
100 _aგანერი, ანიტა
245 _aდასურათებული ატლასი
245 _cპროექტის რედ.: ბენ მორგანი (მთ. რედ.), საიმონ ჰოლანდი ; ციფრ. რუკ. ილ. პეტერ ბული ; ქართ. გამოც. რედ.: ნათელა თუხარელი, შორენა წიქარიშვილი ; მთარგმნ. სალომე დუნდუა
260 _aთბილისი
260 _bარტანუჯი
260 _c2006
300 _a128გვ; ილ; 28სმ.
300 _bდამატება: მსოფლიო სახელმწიფოთა რუკები გვ. 120-121, საძიებელი გვ. 123-127.
300 _eდაიბეჭდა და აიკინძა სლოვაკეთში.
541 _h26ლ.
653 _aდასურათებული ატლასი
942 _cBK
999 _c49466
_d49466